00488nam a2200169 a 4500008004100000020001500041050001500056100002000071245005000091246001700141246002000158260005300178300002200231350000900253650001500262650004100277120416s1982 ||||||||||||||||| || u a0131189506 aTS 155 Cas aMeier, Robert C10aCases in production and operations management a[and others] aRobert C. Meier aEnglewood Cliffs, N.J. :bFT Prentice-Hallc1982 axvi, 319p. : ill. a0.00 aPRODUCTION aProduction management - Case studies